Регионална библиотека "Любен Каравелов" - Русе

Шифърът на промяната (Запис номер 71310)

MARC детайли
000 -Лидер
Контролно поле с фиксирана дължина 02021nam a2200409 c 4500
003 - Код на организацията, давaща контролен номер
Контролно поле BLK
005 - Дата и час на последна редакция
Контролно поле 20221003114138.0
008 - Елементи от данни с фиксирана дължина
fixed length control field 180408b bul|||||r ||||||| ||bul||
010 ## - Наследен системен номер
LC control number KNG00075678000
020 ## - Международен стандартен номер на книга ISBN
Международен стандартен номер на книга ISBN 978-954-28-0081-1
-- издат.: Сиела Софт енд Паблишинг
040 ## - Източник на каталожния запис
Идентификатор на билиотеката - собственик на записа BLK
041 ## - Код за език
Код за езика на текст/звукозапис или на отделно заглавие Български
Код за езика КДБФ Български
080 ## - УДК
Текстов определител УДК Икономическа психология. Икономическо поведение. Физиологични и психологични елементи. Интереси. Икономически дух
УДК код - определител по УДК 330.16
УДК определител (035)
УДК - код + определител 330.16(035)
080 ## - УДК
Текстов определител УДК Етика на бизнеса. Успех
УДК код - определител по УДК 174.4
УДК определител (035)
УДК - код + определител 174.4(035)
080 ## - УДК
Текстов определител УДК Развитие на психиката и способностите. Сравнителна психология
УДК код - определител по УДК 159.92
УДК определител (035)
УДК - код + определител 159.92(035)
100 1# - Редна дума - Автор
Автор Райзнър, Найджъл
Авторска отговорност първи автор
R(LIN) 114540
139 ## - Редно поле
Редна дума Райзнър, Найджъл
Авторски знак Раи - Р 27
245 10 - Сведения за заглавието
Заглавие Шифърът на промяната
Подзаглавни данни Наръчник за създаване на бизнесконтакти 2
Редно поле (дума) Найджъл Райзнър; прев. от англ. Антония Господинова Халачева.
257 ## - Страна на издаване
Страна на създаване/издаване Великобритания
260 ## - Област на издателските данни
-- София
Име на издателя, разпространителя и проч. Сиела Софт енд Паблишинг
Година на издаване 2007
300 ## - Физическа характеристика
Страници 220 с.
Илюстрации и др. с ил.
Размери/Мащаб 20 см
380 ## - Жанр
Жанр Обществени науки
500 ## - Общи забележки
Забележка Без сведение за ориг. загл.
650 #4 - Допълнително описание по предмет – тема
Основно описание – тема или топоним Икономическо поведение
9 (RLIN) 245306
650 #4 - Допълнително описание по предмет – тема
Основно описание – тема или топоним Стопанска етика
9 (RLIN) 261791
650 #4 - Допълнително описание по предмет – тема
Основно описание – тема или топоним Личност - психология
9 (RLIN) 243160
653 ## - Ключова дума – ненормативна
Ключова дума икономическо поведение
653 ## - Ключова дума – ненормативна
Ключова дума стопанска етика
653 ## - Ключова дума – ненормативна
Ключова дума личност
653 ## - Ключова дума – ненормативна
Ключова дума поведение
700 1# - Други автори (авторска отговорност)
Лично име Халачева, Антония Господинова
Автороска отговорност (Описва отношението между автора и произведението) прев. от англ.
9 (RLIN) 291434
852 ## - Местоположение
Форматна сигнатура Цб 234344
856 4# - Електронен адрес и достъп
Електронен формат pdf - файл
Път до файла /url/
856 4# - Електронен адрес и достъп
Електронен формат pdf - файл
Път до файла /url/
942 ## - АРТИКУЛИ
Вид на библиотечния материал Книги
Скрит в OPAC Не
Koha issues (borrowed), all copies 4
944 ## - СЪЗДАВАНЕ И РЕДАКЦИЯ на ЗАПИСА
Създаване/Редакция Създаване
Дата на регистрацията/редакция 13.06.2007
Служител, извършил регистрацията/редакцията Геновева_Генчева
944 ## - СЪЗДАВАНЕ И РЕДАКЦИЯ на ЗАПИСА
Създаване/Редакция Редакция
Дата на регистрацията/редакция 16.03.2009
Служител, извършил регистрацията/редакцията
999 ## - СИСТЕМНИ КОНТРОЛНИ НОМЕРА
Koha biblionumber 71310
Koha biblioitemnumber 71310
Наличности
Код за отписване Код за изгубен артикул Код за повреда Коз за рестрикции Код за отдаване Артикулен № Име на библиотеката - собственик Име на библиотеката, в която се намира в момента Статус (Текущо местоположение) Дата на вписване в системата Местоположение - отдел Цена в лева Инвентарен номер Систематично азбучна сигнатура Баркод Номер на екземпляра Цена в евро Служебна бележка Служебен тип на артикула
  Не е изгубен Не е повреден без рестрикции заемане за дома 116362 Регионална библиотека "Любен Каравелов" Русе Регионална библиотека "Любен Каравелов" Русе Заемна - подръчен фонд 2007-06-12 Заемна - подръчен фонд 12.00 120000714531 П 330.16/Р 27 120000714531 1 6.14 Дост: Pk Вид: Ф N: 5273 Дата: 08.06.2007 Дата инв: 06.02.2018 Бележки инв: П2018 Книги
  Не е изгубен Не е повреден без рестрикции ползва се в читалня 116363 Регионална библиотека "Любен Каравелов" Русе Регионална библиотека "Любен Каравелов" Русе Хранилище 2008-11-11 Хранилище 12.00 120000731246 Цб 234344 120000731246 2 6.14 Дост: Dp Вид: Д N: 28 Дата: 25.06.2008 Книги
Vip Innovations Ltd, Rousse, Bulgaria 2025